[Event "Llinars del Valles Tardor op 3rd"]
[Site "Llinars del Valles"]
[Date "2011.10.28"]
[Round "5"]
[White "Cobos Navarro, Jorge"]
[Black "Ramos Tarres, Gerard"]
[Result "0-1"]
[WhiteElo "1621"]
[BlackElo "1676"]
[PlyCount "92"]
[EventDate "2011.09.30"]
[EventType "swiss"]
[EventRounds "9"]
[EventCountry "ESP"]
[SourceTitle "EXT 2013"]
[Source "ChessBase"]
[SourceDate "2012.11.22"]
[SourceVersion "1"]
[SourceVersionDate "2012.11.22"]
[SourceQuality "1"]

1. e4 c6 2. d4 d5 3. Nc3 dxe4 4. Nxe4 Nd7 5. Nf3 Ngf6 6. Ng3 c5 7. Bc4 b5 8. Be2 e6 9. 0-0 a6 10. Bg5 Bb7 11. Ne5 Be7 12. Bf3 Bxf3 13. Qxf3 Nxe5 14. dxe5 Nd5 15. Bxe7 Qxe7 16. Nf5 exf5 17. Qxd5 0-0 18. Qd6 Qxd6 19. exd6 Rfd8 20. Rad1 g6 21. Rfe1 Ra7 22. Rd5 c4 23. Re7 Rad7 24. f4 Rxd6 25. Re8+ Rxe8 26. Rxd6 Re1+ 27. Kf2 Rb1 28. b3 Rb2 29. Ke3 Rxc2 30. Rd2 Rc3+ 31. Kd4 Rc1 32. bxc4 Rxc4+ 33. Ke5 Kg7 34. Kd5 Rxf4 35. Kc6 Ra4 36. Kc5 h5 37. Kd5 Kf6 38. g3 h4 39. Kc5 hxg3 40. hxg3 Kg5 41. Kd6 Ra3 42. Rg2 b4 43. Kc5 b3 44. Kb4 Rxa2 45. Rg1 Re2 46. Kxb3 Kg4 0-1

[Event "Llinars del Valles Tardor op 3rd"]
[Site "Llinars del Valles"]
[Date "2011.10.21"]
[Round "4"]
[White "Ramos Tarres, Gerard"]
[Black "Galino Lopez, Aurelio"]
[Result "1-0"]
[WhiteElo "1676"]
[BlackElo "2010"]
[PlyCount "157"]
[EventDate "2011.09.30"]
[EventType "swiss"]
[EventRounds "9"]
[EventCountry "ESP"]
[SourceTitle "EXT 2013"]
[Source "ChessBase"]
[SourceDate "2012.11.22"]
[SourceVersion "1"]
[SourceVersionDate "2012.11.22"]
[SourceQuality "1"]

1. c4 Nf6 2. Nc3 g6 3. g3 Bg7 4. Bg2 0-0 5. Nf3 d6 6. d4 c6 7. 0-0 Nbd7 8. Bg5 h6 9. Bf4 Nb6 10. b3 d5 11. c5 Nbd7 12. Re1 Nh5 13. Bd2 f5 14. e3 e5 15. Kh1 Qe8 16. Ne2 Nhf6 17. dxe5 Ne4 18. Kg1 Nexc5 19. Bc3 Nxe5 20. Nxe5 Bxe5 21. Bxd5+ Kh7 22. Bg2 Bxc3 23. Nxc3 Qf7 24. Qd6 Ne6 25. Rad1 Rd8 26. Qb4 a5 27. Qc4 Bd7 28. Rd2 b5 29. Qe2 Rac8 30. Red1 Be8 31. Rd6 Rxd6 32. Rxd6 Rd8 33. Qd2 Rxd6 34. Qxd6 Qd7 35. Qxd7+ Bxd7 36. Kf1 b4 37. Na4 c5 38. Nb6 Bb5+ 39. Ke1 Kg7 40. Bd5 Kf6 41. Kd2 Ng5 42. h4 Ne6 43. f4 Nc7 44. Bc4 Bc6 45. Bd3 Nd5 46. Nxd5+ Bxd5 47. Kc2 h5 48. Kb2 Ke6 49. a3 Be4 50. Bc4+ Bd5 51. Bd3 Kd6 52. a4 Be4 53. Bb5 Bd5 54. Be8 Bf3 55. Bxg6 Bg4 56. Bf7 Bf3 57. Kc2 Bg4 58. Kd3 Bf3 59. Bg6 Bg4 60. e4 fxe4+ 61. Bxe4 Be6 62. Bg6 Bxb3 63. Bxh5 c4+ 64. Kd2 c3+ 65. Kc1 Bxa4 66. Bg6 b3 67. h5 Ke7 68. h6 Kf6 69. Bd3 b2+ 70. Kb1 Bb3 71. g4 a4 72. g5+ Kf7 73. g6+ Ke7 74. Bc2 Bxc2+ 75. Kxc2 Kf8 76. f5 a3 77. h7 Kg7 78. f6+ Kh8 79. f7 1-0

[Event "Llinars del Valles Tardor op 3rd"]
[Site "Llinars del Valles"]
[Date "2011.09.30"]
[Round "1"]
[White "Fernandez Diaz, Cristian"]
[Black "Ramos Tarres, Gerard"]
[Result "1-0"]
[WhiteElo "2103"]
[BlackElo "1676"]
[PlyCount "71"]
[EventDate "2011.09.30"]
[EventType "swiss"]
[EventRounds "9"]
[EventCountry "ESP"]
[SourceTitle "EXT 2013"]
[Source "ChessBase"]
[SourceDate "2012.11.22"]
[SourceVersion "1"]
[SourceVersionDate "2012.11.22"]
[SourceQuality "1"]

1. d4 Nf6 2. c4 e5 3. dxe5 Ng4 4. e3 Nxe5 5. Nh3 Ng6 6. Be2 d6 7. Ng1 Be7 8. Nf3 Nd7 9. 0-0 b6 10. Nc3 c6 11. Nd4 Bb7 12. Nf5 0-0 13. Nxd6 Ba6 14. Nf5 Bf6 15. Qc2 Qc7 16. Ne4 Be5 17. f4 Bf6 18. Nxf6+ Nxf6 19. e4 Nd7 20. Be3 Rad8 21. Rad1 Bb7 22. h4 Rfe8 23. h5 c5 24. Qc3 Nf6 25. hxg6 fxg6 26. Ng3 Bxe4 27. Rxd8 Rxd8 28. Nxe4 Nxe4 29. Qc2 Qe7 30. Bf3 Ng3 31. Re1 Qh4 32. Bd5+ Kh8 33. Bd2 Rf8 34. Qc3 h5 35. Qe3 Qh2+ 36. Kf2 1-0